| 000 | 00964aam a2200313 i 4500 | ||
|---|---|---|---|
| 001 | 199 | ||
| 003 | CO-MdFUSB | ||
| 005 | 20211120103830.0 | ||
| 008 | 160601t1980 sp | |||| 00| 0 spa d | ||
| 020 | _a84-285-0468-7 | ||
| 040 |
_aCO-MdFUSB _bEspañol _cCO-MdFUSB _dCO-MdFUSB _erda |
||
| 041 | 0 | _aspa | |
| 082 | 0 | 4 | _aR 230.03 R831d |
| 100 | 1 | _aRossi, Leandro | |
| 245 | 0 | 0 |
_aDiccionario enciclopédico de teología moral _c / Leandro Rossi, Ambrogio Valsecchi, Directores |
| 250 | _a4 con suplemento | ||
| 264 | 1 |
_aMadrid, España _b : Paulinas, _c[1980] |
|
| 264 | 4 | _c© 1980 | |
| 300 |
_a1479 Pag. _c; |
||
| 336 |
_2rdacontent _atexto _btxt |
||
| 337 |
_2rdamedia _asin mediación _bn |
||
| 338 |
_2rdacarrier _avolumen _bnc |
||
| 500 | _aTítulo original : Dizionario enciclopedico di teologia morale. | ||
| 505 | _aDiccionario de teología moral | ||
| 653 | _aTeología Moral | ||
| 653 | _aDiccionario | ||
| 942 | _cBK | ||
| 945 | _aEstudiante | ||
| 999 |
_c31736 _d31736 |
||